Black law dictionary (Record no. 6722)

MARC details
005 - DATE AND TIME OF LATEST TRANSACTION
control field 20250715055537.0
020 ## - INTERNATIONAL STANDARD BOOK NUMBER
International Standard Book Number 978-1-539-22975-9
082 ## - DEWEY DECIMAL CLASSIFICATION NUMBER
Classification number 340.03 GAR
100 ## - MAIN ENTRY--PERSONAL NAME
Author name GARNER, B. A.
245 ## - TITLE STATEMENT
Title Black law dictionary
250 ## - EDITION STATEMENT
Edition statement 11th Ed.
260 ## - PUBLICATION, DISTRIBUTION, ETC.
Place of publication, distribution, etc. St. Paul,
Name of publisher, distributor, etc. Thomson Reuters,
Date of publication, distribution, etc. 2019.
300 ## - PHYSICAL DESCRIPTION
Extent xxxiii, 2075p.; ill.: map.
Dimensions 26cm.
700 ## - ADDED ENTRY--PERSONAL NAME
Other authors/Editors GARNER H. C. & JACKSON, T. & MOLER, B. R. & MOLER, B. R. & NEWMAN, J.
942 ## - ADDED ENTRY ELEMENTS (KOHA)
Source of classification or shelving scheme Dewey Decimal Classification
Koha item type Books
Holdings
Date last seen Total checkouts Full call number Barcode Price effective from Koha item type Lost status Source of classification or shelving scheme Damaged status Not for loan Withdrawn status Home library Current library Shelving location Date acquired Cost, normal purchase price
07/15/2025   340.03 GAR 00000013756 07/15/2025 Books   Dewey Decimal Classification       College of Business Education Main Library College of Business Education Main Library General Collection 07/15/2025 303136.06